<?xml version="1.0" encoding="UTF-8"?>
<record
    xmlns:xsi="http://www.w3.org/2001/XMLSchema-instance"
    xsi:schemaLocation="http://www.loc.gov/MARC21/slim http://www.loc.gov/standards/marcxml/schema/MARC21slim.xsd"
    xmlns="http://www.loc.gov/MARC21/slim">

  <leader>00289nam a22001337a 4500</leader>
  <controlfield tag="003">SGT</controlfield>
  <datafield tag="082" ind1=" " ind2=" ">
    <subfield code="a">611</subfield>
    <subfield code="b">G14S</subfield>
  </datafield>
  <datafield tag="100" ind1=" " ind2=" ">
    <subfield code="a">SATHUA, SIDHESWAR</subfield>
  </datafield>
  <datafield tag="245" ind1=" " ind2=" ">
    <subfield code="a">GARBHA VIJNANA ( EMBRYOLOGY)</subfield>
  </datafield>
  <datafield tag="260" ind1=" " ind2=" ">
    <subfield code="a">VARANASI</subfield>
    <subfield code="b">CHAUKHAMBHA</subfield>
    <subfield code="c">2014</subfield>
  </datafield>
  <datafield tag="300" ind1=" " ind2=" ">
    <subfield code="a">199</subfield>
  </datafield>
  <datafield tag="650" ind1=" " ind2=" ">
    <subfield code="a">EMBRYOLOGY</subfield>
  </datafield>
  <datafield tag="942" ind1=" " ind2=" ">
    <subfield code="2">ddc</subfield>
    <subfield code="c">BK</subfield>
  </datafield>
  <datafield tag="952" ind1=" " ind2=" ">
    <subfield code="0">0</subfield>
    <subfield code="1">0</subfield>
    <subfield code="2">ddc</subfield>
    <subfield code="4">0</subfield>
    <subfield code="7">0</subfield>
    <subfield code="8">FA</subfield>
    <subfield code="a">APL</subfield>
    <subfield code="b">APL</subfield>
    <subfield code="c">TXT</subfield>
    <subfield code="d">2016-03-15</subfield>
    <subfield code="e">CHAUKHAMBHA</subfield>
    <subfield code="g">495.00</subfield>
    <subfield code="i">SGTU</subfield>
    <subfield code="l">0</subfield>
    <subfield code="o">611 G14S</subfield>
    <subfield code="p">FA3561</subfield>
    <subfield code="r">2016-03-15 00:00:00</subfield>
    <subfield code="w">2015-12-16</subfield>
    <subfield code="y">BK</subfield>
    <subfield code="k">CP/B/724</subfield>
  </datafield>
  <datafield tag="952" ind1=" " ind2=" ">
    <subfield code="0">0</subfield>
    <subfield code="1">0</subfield>
    <subfield code="2">ddc</subfield>
    <subfield code="4">0</subfield>
    <subfield code="7">0</subfield>
    <subfield code="8">FA</subfield>
    <subfield code="a">APL</subfield>
    <subfield code="b">APL</subfield>
    <subfield code="c">TXT</subfield>
    <subfield code="d">2016-03-15</subfield>
    <subfield code="e">CHAUKHAMBHA</subfield>
    <subfield code="g">495.00</subfield>
    <subfield code="i">SGTU</subfield>
    <subfield code="l">1</subfield>
    <subfield code="o">611 G14S</subfield>
    <subfield code="p">FA3562</subfield>
    <subfield code="r">2021-08-23 00:00:00</subfield>
    <subfield code="s">2021-08-23</subfield>
    <subfield code="w">2015-12-16</subfield>
    <subfield code="y">BK</subfield>
    <subfield code="k">CP/B/724</subfield>
  </datafield>
  <datafield tag="952" ind1=" " ind2=" ">
    <subfield code="0">0</subfield>
    <subfield code="1">0</subfield>
    <subfield code="2">ddc</subfield>
    <subfield code="4">0</subfield>
    <subfield code="7">0</subfield>
    <subfield code="8">FA</subfield>
    <subfield code="a">APL</subfield>
    <subfield code="b">APL</subfield>
    <subfield code="c">TXT</subfield>
    <subfield code="d">2016-03-15</subfield>
    <subfield code="e">CHAUKHAMBHA</subfield>
    <subfield code="g">495.00</subfield>
    <subfield code="i">SGTU</subfield>
    <subfield code="l">0</subfield>
    <subfield code="o">611 G14S</subfield>
    <subfield code="p">FA3563</subfield>
    <subfield code="r">2016-03-15 00:00:00</subfield>
    <subfield code="w">2015-12-16</subfield>
    <subfield code="y">BK</subfield>
    <subfield code="k">CP/B/724</subfield>
  </datafield>
  <datafield tag="952" ind1=" " ind2=" ">
    <subfield code="0">0</subfield>
    <subfield code="1">0</subfield>
    <subfield code="2">ddc</subfield>
    <subfield code="4">0</subfield>
    <subfield code="7">0</subfield>
    <subfield code="8">FA</subfield>
    <subfield code="a">APL</subfield>
    <subfield code="b">APL</subfield>
    <subfield code="c">TXT</subfield>
    <subfield code="d">2016-03-15</subfield>
    <subfield code="e">CHAUKHAMBHA</subfield>
    <subfield code="g">495.00</subfield>
    <subfield code="i">SGTU</subfield>
    <subfield code="l">0</subfield>
    <subfield code="o">611 G14S</subfield>
    <subfield code="p">FA3564</subfield>
    <subfield code="r">2016-03-15 00:00:00</subfield>
    <subfield code="w">2015-12-16</subfield>
    <subfield code="y">BK</subfield>
    <subfield code="k">CP/B/724</subfield>
  </datafield>
  <datafield tag="952" ind1=" " ind2=" ">
    <subfield code="0">0</subfield>
    <subfield code="1">0</subfield>
    <subfield code="2">ddc</subfield>
    <subfield code="4">0</subfield>
    <subfield code="7">0</subfield>
    <subfield code="8">FA</subfield>
    <subfield code="a">APL</subfield>
    <subfield code="b">APL</subfield>
    <subfield code="c">TXT</subfield>
    <subfield code="d">2016-03-15</subfield>
    <subfield code="e">CHAUKHAMBHA</subfield>
    <subfield code="g">495.00</subfield>
    <subfield code="i">SGTU</subfield>
    <subfield code="l">1</subfield>
    <subfield code="o">611 G14S</subfield>
    <subfield code="p">FA3565</subfield>
    <subfield code="r">2019-10-22 00:00:00</subfield>
    <subfield code="s">2019-10-22</subfield>
    <subfield code="w">2015-12-16</subfield>
    <subfield code="y">BK</subfield>
    <subfield code="k">CP/B/724</subfield>
  </datafield>
  <datafield tag="999" ind1=" " ind2=" ">
    <subfield code="c">8441</subfield>
    <subfield code="d">8441</subfield>
  </datafield>
</record>
